000 01138nam a2200349 a 4500
001 vtls000827702
003 NLI
005 20210627060849.0
008 110331m1897uuuuenk 000 0 eng
039 9 _y201103312056
_zDatasoft
040 0 _aNLI
_beng
_cRetro_DSC 1
_eAACR2
041 0 _aeng
044 _aenk
082 0 4 _a104
100 1 _aNettleship, Richard Lewis,
_d1846-1892
_9810742
245 1 0 _aPhilosophical lectures and remains of Richard Lewis Nettleship /
_cedited by A. C. Bradley and G. R. Benson
260 _aLondon :
_bMacmillan,
_c1897-
300 _a-v. ;
_c20 cm.
500 _aLibrary has vol.1 and 2
650 0 _aPhilosophy
700 1 _aBradley, A. C.
_q(Andrew Cecil),
_4edt
_9810743
700 1 _aBenson, G. R.
_q(Gharlwood Rathboon),
_4edt
_9810744
710 2 _aAsutosh Collection (National Library, India)
887 _a
901 _a3172
_b25.11.1953
_9v.1
901 _a3173
_b25.11.1953
_9v.2
902 _aA.C 104 N 2
949 _AVIRTUAITEM
_D10000
_X100
_6GAC000003172ENG
_9v.1
942 _2ddc
_cBKS
949 _AVIRTUAITEM
_D10000
_X100
_6GAC000003173ENG
_9v.2
999 _aVIRTUA40
_c677756
_d677756